Riešenia z problémov
Začiatkom januára oznámil britský maloobchodný reťazec Tesco prepúšťanie, zatváranie stratových obchodných prevádzok a ďalšie úsporné opatrenia. Tie sa týkajú aj pobočiek v Maďarsku a Česku. Na Slovensku vraj zatiaľ prepúšťanie nehrozí. Priemerná zisková marža, priemerná čistá zisková marža.
Na minha lista:
| Formato: | Capítulo de Livro |
|---|---|
| Idioma: | eslovaco |
| Assuntos: | |
| Tags: |
Sem tags, seja o primeiro a adicionar uma tag!
|
MARC
| LEADER | 00000naa a2200000 4500 | ||
|---|---|---|---|
| 001 | 0199191 | ||
| 005 | 20231109071119.0 | ||
| 041 | 0 | |a slo | |
| 044 | |a SK | ||
| 245 | 1 | 0 | |a Riešenia z problémov |
| 520 | |a Začiatkom januára oznámil britský maloobchodný reťazec Tesco prepúšťanie, zatváranie stratových obchodných prevádzok a ďalšie úsporné opatrenia. Tie sa týkajú aj pobočiek v Maďarsku a Česku. Na Slovensku vraj zatiaľ prepúšťanie nehrozí. Priemerná zisková marža, priemerná čistá zisková marža. | ||
| 610 | 2 | 0 | |a reťazce obchodné |
| 610 | 2 | 0 | |a Veľká Británia |
| 610 | 2 | 0 | |a Maďarsko |
| 610 | 2 | 0 | |a Česko |
| 610 | 2 | 0 | |a Slovensko |
| 610 | 2 | 0 | |a prepúšťanie pracovníkov |